|
|
|
|
| LEADER |
00000nam a2200000 a 4500 |
| 001 |
vtls001359050 |
| 003 |
SK-MaSNL |
| 005 |
20260302071040.0 |
| 008 |
240314s1998 xo a r y 0 slo |
| 015 |
|
|
|a SNBI1999/04-02016
|
| 020 |
|
|
|a 8096796828
|
| 035 |
|
|
|a SNK000312580
|
| 040 |
|
|
|a SNK
|b slo
|c SNK
|e AACR2
|
| 041 |
0 |
|
|a slo
|
| 044 |
|
|
|a xo
|c SK
|
| 080 |
|
|
|a 657.1(083.133)
|2 1981
|
| 100 |
1 |
|
|a Matlák, Ján,
|d 1950-
|4 aut
|9 201803
|
| 245 |
1 |
0 |
|a Mzdová učtáreň
|b aktuálna príručka pre mzdovú prax : základné dielo-stav august 1998
|c kolektív autorov vedený Jánom Matlákom
|
| 260 |
|
|
|a Bratislava
|b Dashöfer
|c 1998
|
| 300 |
|
|
|a 896 s. s rozličným stránkovaním
|c 23 cm
|
| 650 |
0 |
7 |
|a účtovníctvo
|x pokyny
|x príručky
|2 SNK
|9 499173
|
| 655 |
|
7 |
|a pokyny
|2 SNK
|9 70685
|
| 700 |
1 |
|
|a Hurčíková, Margita
|4 aut
|9 297130
|
| 700 |
1 |
|
|a Husáriková, Vlasta
|4 aut
|9 18020
|
| 700 |
1 |
|
|a Ješinová, Rozália
|4 aut
|9 297131
|
| 700 |
1 |
|
|a Kadlečíková, Emma
|4 aut
|9 732244
|
| 700 |
1 |
|
|a Macková, Zuzana,
|d 1966-
|4 aut
|9 237481
|
| 700 |
1 |
|
|a Mačuha, Miroslav
|4 aut
|9 8892
|
| 700 |
1 |
|
|a Minková, Ľuboslava
|4 aut
|9 13029
|
| 700 |
1 |
|
|a Pagáčová, Jitka
|4 aut
|9 297134
|
| 700 |
1 |
|
|a Rybárová, Mária
|4 aut
|9 297135
|
| 700 |
1 |
|
|a Trutzová, Elena
|4 aut
|9 297136
|
| 700 |
1 |
|
|a Vasrányiová, Gabriela
|4 aut
|9 732245
|
| 700 |
1 |
|
|a Vojnarová, Anna
|4 aut
|9 11953
|
| 700 |
1 |
|
|a Vojteková, Edita
|4 aut
|9 9245
|
| 700 |
1 |
|
|a Zápotocká, Jana
|4 aut
|9 732246
|
| 919 |
|
|
|a 80-967968-2-8
|
| 958 |
|
|
|a TL
|
| 999 |
|
|
|c 1150321
|d 1152251
|
| 952 |
|
|
|t P60, <04>, [BOOK], {604}
|a SNK
|b SNK
|y VYP
|7 0
|p 17A0187731
|o snkSC 98159/1998 D1
|i snkKSP 3446/99
|0 0
|1 0
|4 0
|d 1999-03-31
|l 0
|r 2005-01-02 00:00:00
|w 2026-02-24
|
| 952 |
|
|
|t P60, <03>, [BOOK], {603}
|a SNK
|b SNK
|y PREZ
|7 0
|p 17A0187730
|o snkSC 98159/1998
|i snkKSP 3445/99
|0 0
|1 0
|4 0
|d 1999-03-31
|l 0
|r 2025-09-18 00:00:00
|w 2026-02-24
|